000 00498nam a22002177a 4500
003 Nust
005 20211021154641.0
008 170111b xxu||||| |||| 00| 0 eng d
020 _a81-317-0314-2
038 _akhadija
040 _cC
082 _a621.3815
_bBOY
100 _a Boylested
_983340
245 _aElectronics Devices And Circuit Theory
250 _a9th
260 _aNew Delhi
_bPearson
_c2008.
300 _a910
500 _aPaperback.
563 _aPB
942 _cBK
_2ddc
999 _c31901
_d31901